Name all the Jhoto Pokemon - Statistics

General Stats
  • This quiz has been taken 84 times
    83 since last reset
  • The average score is 58 of 100
Answer Stats
Hint Answer % Correct
158 totodile
96%
155 cyndaquil
94%
152 chikorita
92%
156 quilava
92%
153 bayleef
90%
154 meganium
90%
157 typhlosion
90%
159 croconaw
88%
160 feraligatr
86%
250 ho-oh
86%
249 lugia
86%
251 celebi
82%
163 hoothoot
82%
244 entei
80%
248 tyranitar
80%
246 larvitar
78%
247 pupitar
78%
243 raikou
78%
245 suicune
78%
164 noctowl
76%
196 espeon
72%
240 magby
72%
197 umbreon
72%
162 furret
70%
172 pichu
70%
161 sentret
70%
239 elekid
68%
208 steelix
68%
174 igglybuff
66%
175 togepi
66%
168 ariados
64%
165 ledyba
64%
212 scizor
64%
167 spinarak
64%
176 togetic
64%
173 cleffa
62%
169 crobat
62%
237 hitmontop
62%
166 ledian
62%
198 murkrow
62%
238 smoochum
62%
181 ampharos
60%
179 mareep
60%
187 hoppip
58%
229 houndoom
58%
189 jumpluff
58%
241 miltank
58%
180 flaaffy
56%
200 misdreavus
56%
186 politoed
56%
227 skarmory
56%
201 unown
56%
228 houndour
54%
188 skiploom
54%
230 kingdra
52%
185 sudowoodo
52%
184 azumarill
50%
183 marill
50%
204 pineco
50%
236 tyrogue
50%
242 blissey
48%
205 forretress
48%
214 heracross
48%
224 octillery
48%
215 sneasel
48%
221 piloswine
46%
218 slugma
46%
220 swinub
46%
217 ursaring
46%
232 donphan
44%
203 girafarig
44%
219 magcargo
44%
177 natu
44%
231 phanpy
44%
223 remoraid
44%
178 xatu
44%
226 mantine
42%
195 quagsire
42%
211 qwilfish
42%
199 slowking
42%
192 sunflora
42%
191 sunkern
42%
216 teddiursa
42%
194 wooper
42%
225 delibird
40%
171 lanturn
40%
193 yanma
40%
190 aipom
38%
182 bellossom
38%
170 chinchou
38%
207 gligar
38%
233 porygon2
38%
235 smeargle
36%
234 stantler
34%
222 corsola
32%
206 dunsparce
32%
210 granbull
32%
209 snubbull
32%
202 wobbuffet
32%
213 shuckle
26%
No matching quizzes found
Score Distribution
Percent of People with Each Score
Percentile by Number Answered
Your Score History
You have not taken this quiz since the last reset